La economía argentina en la "edad dorada" (Registro nro. 31275)

Detalles MARC
000 -LEADER
fixed length control field 00353 a2200109 4500
001 - CONTROL NUMBER
control field ART_49624
005 - DATE AND TIME OF LATEST TRANSACTION
control field 20260410162001.0
008 - FIXED-LENGTH DATA ELEMENTS--GENERAL INFORMATION
fixed length control field 260409a
100 1# - MAIN ENTRY--PERSONAL NAME
Personal name Villanueva, Javier
245 10 - TITLE STATEMENT
Title La economía argentina en la "edad dorada"
773 0# - HOST ITEM ENTRY
Title Boletín de lecturas sociales y económicas
Related parts - Año 8, Nº 35 (abr. 2001)
Record control number REV28746

No hay ítems disponibles.